Proyecto CEDODEP : elaboración de programas escolares : [curso 1966-67]

Gespeichert in:
Bibliographische Detailangaben
Körperschaft: Centro de Documentación y Orientación Didáctica de Enseñanza Primaria
Format: Buch
Sprache:Spanisch
Erschienen: Madrid : Centro de Documentación y Orientación Didáctica de Enseñanza Primaria, 1966
Katalog:MANES:  Suchergebnis im Bibliothekskatalog
Schulbuchspezifische Eigenschaften:
Schlagworte:
Tags: Tag hinzufügen
Keine Tags, Fügen Sie den ersten Tag hinzu!
Hinzugefügt zu:18.05.2003
Geändert in:07.05.2025

MARC

LEADER 00000cam a2200000 i 4500
005 20250507134530.0
008 030519s19660000esp 000 0 spa
040 |a uned  |b spa  |c entro-manes 
245 0 0 |a Proyecto CEDODEP :   |b elaboración de programas escolares : [curso 1966-67] 
260 |a Madrid :   |b Centro de Documentación y Orientación Didáctica de Enseñanza Primaria,   |c 1966 
300 |a 34 p. 
546 |a España 
561 |5 es-BUNED  |3 L.T. 3211  |a España. Fondo Manes UNED  |k MANES 
650 7 |a Currículo  |9 36958 
691 0 |a PRI 
710 2 |a Centro de Documentación y Orientación Didáctica de Enseñanza Primaria  |9 40041 
942 |2 ddc  |c BK 
999 |c 96608  |d 96608 
999 |c manes:96608  |d 96608